[Event "DEM U12w 2020"]
[Site "Willingen GER"]
[Date "2020.10.28"]
[Round "3"]
[White "Schwenke, Mia"]
[Black "Cerkez, Lorena"]
[Result "1-0"]
[Termination "normal"]
[Board "7"]
[WhiteElo "1265"]
[BlackElo "1258"]
[WhiteClock "00:12:52"]
[BlackClock "00:08:04"]
[PlyCount "131"]
[WhiteFideId "16263332"]
[BlackFideId "14418614"]
[EventCountry "GER"]
[EventRounds "7"]
[EventType "swiss"]
[EventDate "2020.10.26"]

1. e4 {[%clk 1:30:58]} e6 {[%clk 1:30:56]} 2. d4 {[%clk 1:31:22]} d5 {[%clk
1:31:22]} 3. Nd2 {[%clk 1:31:44]} c5 {[%clk 1:31:11]} 4. exd5 {[%clk 1:31:16]}
Qxd5 {[%clk 1:30:47]} 5. Ngf3 {[%clk 1:31:24]} Nc6 {[%clk 1:29:18]} 6. Bc4
{[%clk 1:30:43]} Qd8 {[%clk 1:29:32]} 7. O-O {[%clk 1:30:20]} Nf6 {[%clk
1:29:07]} 8. Nb3 {[%clk 1:29:16]} b6 {[%clk 1:23:22]} 9. Re1 {[%clk 1:20:47]}
Be7 {[%clk 1:09:57]} 10. Bb5 {[%clk 1:13:29]} Bd7 {[%clk 0:50:50]} 11. Bxc6
{[%clk 1:10:21]} Bxc6 {[%clk 0:51:10]} 12. Ne5 {[%clk 1:07:55]} Qd5 {[%clk
0:28:43]} 13. Nxc6 {[%clk 0:58:41]} Qxc6 {[%clk 0:29:04]} 14. c3 {[%clk
0:43:43]} Rd8 {[%clk 0:25:30]} 15. Qe2 {[%clk 0:42:02]} O-O {[%clk 0:23:57]}
16. Bf4 {[%clk 0:41:27]} Rd7 {[%clk 0:21:06]} 17. Rad1 {[%clk 0:37:53]} Rc8
{[%clk 0:19:12]} 18. Be5 {[%clk 0:36:18]} Rcd8 {[%clk 0:17:06]} 19. Bxf6 {[%clk
0:29:53]} Bxf6 {[%clk 0:17:24]} 20. dxc5 {[%clk 0:28:46]} Rxd1 {[%clk 0:15:57]}
21. Rxd1 {[%clk 0:27:40]} bxc5 {[%clk 0:14:37]} 22. Rxd8+ {[%clk 0:26:46]} Bxd8
{[%clk 0:14:58]} 23. Qd2 {[%clk 0:18:20]} Be7 {[%clk 0:14:12]} 24. g3 {[%clk
0:16:45]} Kf8 {[%clk 0:12:45]} 25. Nc1 {[%clk 0:14:27]} f6 {[%clk 0:11:24]} 26.
Ne2 {[%clk 0:13:20]} e5 {[%clk 0:10:31]} 27. f4 {[%clk 0:12:53]} c4 {[%clk
0:10:13]} 28. fxe5 {[%clk 0:10:18]} fxe5 {[%clk 0:08:47]} 29. h3 {[%clk
0:06:48]} Bc5+ {[%clk 0:04:09]} 30. Kh2 {[%clk 0:07:02]} Ke7 {[%clk 0:03:23]}
31. Qg5+ {[%clk 0:07:12]} Qf6 {[%clk 0:03:47]} 32. Qxf6+ {[%clk 0:07:25]} gxf6
{[%clk 0:03:42]} 33. Kg2 {[%clk 0:07:41]} Be3 {[%clk 0:02:59]} 34. Kf3 {[%clk
0:07:49]} Bd2 {[%clk 0:02:55]} 35. g4 {[%clk 0:07:34]} Be1 {[%clk 0:02:27]} 36.
Ke3 {[%clk 0:07:23]} Ke6 {[%clk 0:00:46]} 37. Ke4 {[%clk 0:07:32]} Bf2 {[%clk
0:01:07]} 38. Kf3 {[%clk 0:07:10]} Be1 {[%clk 0:00:50]} 39. Ke4 {[%clk
0:07:03]} Bd2 {[%clk 0:00:37]} 40. b3 {[%clk 0:06:15]} cxb3 {[%clk 0:01:01]}
41. axb3 {[%clk 0:06:40]} Bg5 {[%clk 0:00:36]} 42. c4 {[%clk 0:07:00]} Kd6
{[%clk 0:00:37]} 43. b4 {[%clk 0:24:55]} a6 {[%clk 0:29:25]} 44. Nc3 {[%clk
0:23:11]} Bd2 {[%clk 0:26:44]} 45. Nd5 {[%clk 0:22:54]} Kc6 {[%clk 0:19:11]}
46. b5+ {[%clk 0:22:37]} axb5 {[%clk 0:19:24]} 47. cxb5+ {[%clk 0:23:02]} Kxb5
{[%clk 0:18:51]} 48. Nxf6 {[%clk 0:23:25]} h6 {[%clk 0:14:48]} 49. Kxe5 {[%clk
0:23:35]} Bg5 {[%clk 0:13:20]} 50. Kf5 {[%clk 0:23:49]} Kc4 {[%clk 0:12:30]}
51. Kg6 {[%clk 0:23:42]} Kd4 {[%clk 0:12:01]} 52. Ng8 {[%clk 0:21:05]} Ke5
{[%clk 0:11:05]} 53. Nxh6 {[%clk 0:20:55]} Kf4 {[%clk 0:10:58]} 54. Nf7 {[%clk
0:20:57]} Be7 {[%clk 0:10:51]} 55. Kh5 {[%clk 0:18:23]} Kg3 {[%clk 0:09:56]}
56. Ng5 {[%clk 0:18:14]} Kf4 {[%clk 0:09:55]} 57. h4 {[%clk 0:18:14]} Bf6
{[%clk 0:09:00]} 58. Nh3+ {[%clk 0:17:15]} Kg3 {[%clk 0:08:51]} 59. g5 {[%clk
0:15:45]} Be5 {[%clk 0:08:38]} 60. Ng1 {[%clk 0:14:24]} Kf2 {[%clk 0:08:14]}
61. Kg6 {[%clk 0:13:18]} Kxg1 {[%clk 0:08:04]} 62. h5 {[%clk 0:13:26]} Kf2
{[%clk 0:08:26]} 63. Kf7 {[%clk 0:11:58]} Kg3 {[%clk 0:08:36]} 64. g6 {[%clk
0:12:15]} Kh4 {[%clk 0:08:54]} 65. h6 {[%clk 0:12:38]} Kh5 {[%clk 0:08:04]} 66.
g7 {[%clk 0:12:52]} 1-0

[Event "DEM U12w 2020"]
[Site "Willingen GER"]
[Date "2020.10.28"]
[Round "3"]
[White "Heuberger, Sandra"]
[Black "Siegel, Irene"]
[Result "0-1"]
[Termination "normal"]
[Board "13"]
[WhiteElo "1004"]
[BlackElo "1380"]
[WhiteClock "00:20:15"]
[BlackClock "00:30:26"]
[PlyCount "156"]
[WhiteFideId "16232151"]
[BlackFideId "16284380"]
[EventCountry "GER"]
[EventRounds "7"]
[EventType "swiss"]
[EventDate "2020.10.26"]

1. d4 {[%clk 1:30:57]} d5 {[%clk 1:30:54]} 2. c4 {[%clk 1:31:23]} e6 {[%clk
1:31:16]} 3. Nc3 {[%clk 1:31:45]} Nf6 {[%clk 1:31:37]} 4. Bg5 {[%clk 1:31:56]}
Be7 {[%clk 1:31:57]} 5. Nf3 {[%clk 1:31:54]} O-O {[%clk 1:32:11]} 6. e3 {[%clk
1:31:51]} Nbd7 {[%clk 1:32:27]} 7. cxd5 {[%clk 1:31:33]} exd5 {[%clk 1:32:44]}
8. Bd3 {[%clk 1:31:21]} b6 {[%clk 1:32:45]} 9. O-O {[%clk 1:31:03]} Bb7 {[%clk
1:32:48]} 10. Qc2 {[%clk 1:30:42]} h6 {[%clk 1:32:05]} 11. Bh4 {[%clk 1:29:51]}
c5 {[%clk 1:31:32]} 12. Nd2 {[%clk 1:26:04]} Qc7 {[%clk 1:29:16]} 13. Rfe1
{[%clk 1:21:56]} c4 {[%clk 1:26:57]} 14. Bf1 {[%clk 1:18:48]} Rfe8 {[%clk
1:26:54]} 15. Nb5 {[%clk 1:17:55]} Qd8 {[%clk 1:23:26]} 16. Bg3 {[%clk
1:17:44]} a6 {[%clk 1:20:09]} 17. Nc7 {[%clk 1:13:06]} Rc8 {[%clk 1:14:43]} 18.
Nxe8 {[%clk 1:12:53]} Qxe8 {[%clk 1:15:07]} 19. a3 {[%clk 1:12:02]} b5 {[%clk
1:13:18]} 20. f3 {[%clk 1:10:41]} Nh5 {[%clk 1:04:10]} 21. Bf2 {[%clk 1:09:42]}
Ndf6 {[%clk 0:59:02]} 22. e4 {[%clk 1:06:22]} dxe4 {[%clk 0:57:18]} 23. Nxe4
{[%clk 1:05:37]} Bxe4 {[%clk 0:54:17]} 24. fxe4 {[%clk 1:05:37]} Ng4 {[%clk
0:52:32]} 25. Qe2 {[%clk 0:58:01]} Qd7 {[%clk 0:49:30]} 26. h3 {[%clk 0:56:29]}
Ngf6 {[%clk 0:49:02]} 27. e5 {[%clk 0:52:25]} Nf4 {[%clk 0:48:57]} 28. Qf3
{[%clk 0:48:23]} N6d5 {[%clk 0:48:10]} 29. Qg4 {[%clk 0:44:37]} Qc6 {[%clk
0:43:33]} 30. Be3 {[%clk 0:39:56]} g5 {[%clk 0:39:09]} 31. Bxf4 {[%clk
0:38:28]} Nxf4 {[%clk 0:38:28]} 32. Qf3 {[%clk 0:37:32]} Qg6 {[%clk 0:37:52]}
33. Qe4 {[%clk 0:36:32]} Qb6 {[%clk 0:33:40]} 34. Rad1 {[%clk 0:34:45]} Rd8
{[%clk 0:33:16]} 35. Kh2 {[%clk 0:33:50]} Ne6 {[%clk 0:33:17]} 36. d5 {[%clk
0:31:53]} Nf4 {[%clk 0:32:19]} 37. Be2 {[%clk 0:25:50]} Re8 {[%clk 0:30:50]}
38. Bf3 {[%clk 0:22:11]} Bd6 39. Qd4 {[%clk 0:14:23]} Qxd4 {[%clk 0:29:07]} 40.
Rxd4 {[%clk 0:14:23]} Bxe5 {[%clk 0:29:16]} 41. Rdd1 {[%clk 0:13:33]} Nd3+
{[%clk 0:29:09]} 42. Kg1 {[%clk 0:13:25]} Nxe1 {[%clk 0:29:18]} 43. Rxe1 {[%clk
0:13:56]} Bd4+ {[%clk 0:29:02]} 44. Kf1 {[%clk 0:13:56]} Rxe1+ {[%clk 0:28:59]}
45. Kxe1 {[%clk 0:14:14]} Bxb2 {[%clk 0:29:18]} 46. d6 {[%clk 0:14:05]} Bxa3
{[%clk 0:29:41]} 47. d7 {[%clk 0:14:28]} Be7 {[%clk 0:30:07]} 48. Bb7 {[%clk
0:14:47]} a5 {[%clk 0:30:15]} 49. Kd2 {[%clk 0:15:05]} Kg7 {[%clk 0:30:02]} 50.
Bc6 {[%clk 0:15:18]} b4 {[%clk 0:30:01]} 51. Bb5 {[%clk 0:15:29]} c3+ {[%clk
0:30:23]} 52. Kc2 {[%clk 0:15:50]} Kf6 {[%clk 0:30:32]} 53. Bc4 {[%clk
0:16:02]} Bd8 {[%clk 0:29:37]} 54. Bb5 Ke7 {[%clk 0:29:47]} 55. Ba4 {[%clk
0:15:57]} f5 {[%clk 0:29:45]} 56. g3 {[%clk 0:16:18]} Bc7 {[%clk 0:29:30]} 57.
Kd3 {[%clk 0:16:18]} Bxg3 {[%clk 0:29:44]} 58. Ke3 {[%clk 0:16:19]} c2 {[%clk
0:29:21]} 59. Bxc2 {[%clk 0:16:38]} f4+ {[%clk 0:29:39]} 60. Kf3 {[%clk
0:16:54]} Kxd7 {[%clk 0:30:04]} 61. Bf5+ {[%clk 0:16:50]} Kd6 {[%clk 0:30:04]}
62. Bc2 {[%clk 0:16:55]} Kc5 {[%clk 0:30:04]} 63. Bb3 {[%clk 0:17:02]} Kd4
{[%clk 0:30:22]} 64. Ke2 {[%clk 0:17:12]} Kc3 {[%clk 0:30:41]} 65. Be6 {[%clk
0:17:31]} b3 {[%clk 0:31:05]} 66. Bf5 a4 67. Kf3 {[%clk 0:17:27]} a3 {[%clk
0:31:47]} 68. Bb1 {[%clk 0:17:47]} a2 {[%clk 0:32:08]} 69. Bxa2 {[%clk
0:18:11]} bxa2 {[%clk 0:32:33]} 70. Kg4 {[%clk 0:18:42]} a1=Q {[%clk 0:31:17]}
71. Kf3 {[%clk 0:18:42]} Qd1+ {[%clk 0:31:27]} 72. Ke4 {[%clk 0:19:19]} Qd3+
{[%clk 0:31:15]} 73. Ke5 {[%clk 0:19:19]} f3+ {[%clk 0:31:32]} 74. Kf6 {[%clk
0:19:37]} Qd6+ {[%clk 0:31:46]} 75. Kf5 {[%clk 0:19:47]} f2 {[%clk 0:32:02]}
76. Kg4 {[%clk 0:19:53]} f1=Q {[%clk 0:30:26]} 77. h4 {[%clk 0:20:15]} Bxh4
{[%clk 0:30:26]} 78. Kh5 {[%clk 0:20:15]} Qf3# {[%clk 0:30:26]} 0-1

[Event "DEM U12w 2020"]
[Site "Willingen GER"]
[Date "2020.10.30"]
[Round "5"]
[White "Petrosyan, Ani"]
[Black "Glotz, Diana"]
[Result "1-0"]
[Termination "normal"]
[Board "10"]
[WhiteElo "1370"]
[BlackElo "1098"]
[WhiteClock "00:23:12"]
[BlackClock "00:08:45"]
[PlyCount "111"]
[WhiteFideId "16248015"]
[BlackFideId "16278500"]
[EventCountry "GER"]
[EventRounds "7"]
[EventType "swiss"]
[EventDate "2020.10.26"]

1. Nf3 {[%clk 1:30:54]} d5 {[%clk 1:30:53]} 2. e3 {[%clk 1:31:11]} Nf6 {[%clk
1:31:14]} 3. c4 {[%clk 1:31:32]} e6 {[%clk 1:31:33]} 4. b3 {[%clk 1:31:45]} Be7
{[%clk 1:31:50]} 5. Bb2 {[%clk 1:31:54]} b6 {[%clk 1:31:47]} 6. Be2 {[%clk
1:31:45]} Bb7 {[%clk 1:31:50]} 7. O-O {[%clk 1:30:12]} O-O {[%clk 1:32:02]} 8.
Na3 {[%clk 1:28:08]} Nbd7 {[%clk 1:30:05]} 9. Nc2 {[%clk 1:25:15]} c5 {[%clk
1:26:58]} 10. d4 {[%clk 1:23:37]} Rc8 {[%clk 1:26:10]} 11. Na3 {[%clk 1:12:38]}
a6 {[%clk 1:24:40]} 12. Rc1 {[%clk 1:10:32]} Rc7 {[%clk 1:23:40]} 13. Qd3
{[%clk 1:06:13]} Qa8 {[%clk 1:14:43]} 14. Rfd1 {[%clk 1:02:27]} Rd8 {[%clk
1:11:06]} 15. Qb1 {[%clk 0:56:06]} Qa7 {[%clk 0:59:58]} 16. h3 {[%clk 0:52:14]}
Qa8 {[%clk 0:57:58]} 17. Qa1 {[%clk 0:39:50]} h6 {[%clk 0:56:47]} 18. Nb1
{[%clk 0:35:43]} Nf8 {[%clk 0:50:46]} 19. Nc3 {[%clk 0:29:11]} N8h7 {[%clk
0:50:27]} 20. Na4 {[%clk 0:27:59]} Rc6 {[%clk 0:44:15]} 21. Ne5 {[%clk
0:26:30]} Rcd6 {[%clk 0:37:00]} 22. dxc5 {[%clk 0:26:32]} bxc5 {[%clk 0:37:12]}
23. Nxc5 {[%clk 0:26:51]} dxc4 {[%clk 0:35:34]} 24. Nxb7 {[%clk 0:22:09]} Rxd1+
{[%clk 0:34:41]} 25. Rxd1 {[%clk 0:22:05]} Rxd1+ {[%clk 0:35:03]} 26. Qxd1
{[%clk 0:22:07]} Qxb7 {[%clk 0:35:15]} 27. Bxc4 {[%clk 0:22:09]} a5 {[%clk
0:32:40]} 28. Qd2 {[%clk 0:19:33]} Bb4 {[%clk 0:29:14]} 29. Qd8+ {[%clk
0:19:06]} Nf8 {[%clk 0:27:29]} 30. a3 {[%clk 0:19:00]} Be7 {[%clk 0:12:30]} 31.
Qxa5 {[%clk 0:19:01]} Ne4 {[%clk 0:07:57]} 32. Qb5 {[%clk 0:17:31]} Qxb5 {[%clk
0:07:58]} 33. Bxb5 {[%clk 0:17:44]} Nc5 {[%clk 0:08:01]} 34. Bc4 {[%clk
0:16:25]} Bf6 {[%clk 0:07:55]} 35. Bd4 {[%clk 0:16:29]} Ncd7 {[%clk 0:07:55]}
36. Nxd7 {[%clk 0:16:33]} Nxd7 37. Bxf6 {[%clk 0:16:36]} Nxf6 {[%clk 0:08:43]}
38. b4 {[%clk 0:17:01]} Kf8 {[%clk 0:08:45]} 39. b5 {[%clk 0:17:17]} Ke8 {[%clk
0:09:03]} 40. b6 {[%clk 0:17:19]} Kd8 {[%clk 0:09:25]} 41. a4 {[%clk 0:17:33]}
Nd7 {[%clk 0:09:42]} 42. a5 {[%clk 0:17:21]} Kc8 {[%clk 0:09:38]} 43. Bb5
{[%clk 0:17:30]} Nb8 {[%clk 0:08:26]} 44. a6 {[%clk 0:17:10]} Nxa6 {[%clk
0:05:50]} 45. Bxa6+ Kb8 {[%clk 0:06:16]} 46. f4 {[%clk 0:17:30]} f6 {[%clk
0:06:29]} 47. Kf2 {[%clk 0:17:56]} g5 {[%clk 0:06:49]} 48. fxg5 {[%clk
0:18:17]} hxg5 {[%clk 0:07:11]} 49. Kf3 {[%clk 0:18:41]} f5 {[%clk 0:07:28]}
50. e4 {[%clk 0:19:05]} Ka8 {[%clk 0:07:35]} 51. g3 {[%clk 0:21:30]} Kb8 {[%clk
0:07:38]} 52. h4 {[%clk 0:21:54]} gxh4 {[%clk 0:07:58]} 53. gxh4 {[%clk
0:22:17]} fxe4+ 54. Kxe4 {[%clk 0:22:40]} e5 {[%clk 0:08:45]} 55. h5 {[%clk
0:23:05]} Ka8 56. h6 {[%clk 0:23:12]} 1-0

[Event "DEM U12w 2020"]
[Site "Willingen GER"]
[Date "2020.10.30"]
[Round "5"]
[White "Modali, Nikhilamrutha"]
[Black "Margaryan, Venera"]
[Result "0-1"]
[Termination "normal"]
[Board "13"]
[WhiteElo "1193"]
[BlackElo "1457"]
[WhiteClock "00:05:36"]
[BlackClock "00:23:07"]
[PlyCount "58"]
[WhiteFideId "16282370"]
[BlackFideId "16266226"]
[EventCountry "GER"]
[EventRounds "7"]
[EventType "swiss"]
[EventDate "2020.10.26"]

1. e4 {[%clk 1:30:58]} e6 {[%clk 1:30:54]} 2. d4 {[%clk 1:31:22]} d5 {[%clk
1:31:19]} 3. exd5 {[%clk 1:31:47]} exd5 {[%clk 1:31:42]} 4. Nf3 {[%clk
1:32:10]} Nf6 {[%clk 1:31:59]} 5. Bd3 {[%clk 1:31:32]} Bd6 {[%clk 1:32:23]} 6.
Qe2+ {[%clk 1:29:51]} Be6 {[%clk 1:31:09]} 7. Ng5 {[%clk 1:26:52]} Qe7 {[%clk
1:30:11]} 8. Nxe6 {[%clk 1:18:34]} fxe6 {[%clk 1:29:16]} 9. O-O {[%clk
1:12:01]} e5 {[%clk 1:27:57]} 10. dxe5 {[%clk 1:08:30]} Bxe5 {[%clk 1:26:25]}
11. Re1 {[%clk 1:06:38]} Nfd7 {[%clk 1:22:04]} 12. Bf4 {[%clk 1:04:16]} Nc6
{[%clk 1:20:39]} 13. Qh5+ {[%clk 0:57:15]} Kf8 {[%clk 1:14:02]} 14. Bxe5 {[%clk
0:46:35]} Ndxe5 {[%clk 1:10:59]} 15. c4 {[%clk 0:35:25]} Qf6 {[%clk 0:57:59]}
16. Re3 {[%clk 0:30:36]} d4 {[%clk 0:48:55]} 17. Rh3 {[%clk 0:24:40]} Nb4
{[%clk 0:41:36]} 18. Qd1 {[%clk 0:20:01]} Nbxd3 {[%clk 0:36:50]} 19. Rxd3
{[%clk 0:19:52]} Nxd3 {[%clk 0:37:03]} 20. Qxd3 {[%clk 0:20:15]} Re8 {[%clk
0:36:37]} 21. Nd2 {[%clk 0:19:21]} Kf7 {[%clk 0:33:10]} 22. Ne4 {[%clk
0:17:24]} Qe5 {[%clk 0:31:03]} 23. Re1 {[%clk 0:17:04]} Rhf8 {[%clk 0:26:34]}
24. h4 {[%clk 0:10:49]} Kg8 {[%clk 0:25:32]} 25. Re2 {[%clk 0:10:30]} h6 {[%clk
0:25:06]} 26. Ng3 {[%clk 0:09:57]} Qf4 {[%clk 0:23:35]} 27. Rxe8 {[%clk
0:07:01]} Rxe8 {[%clk 0:23:03]} 28. Qg6 {[%clk 0:05:18]} Re1+ {[%clk 0:23:07]}
29. Kh2 {[%clk 0:05:36]} Qxh4# 0-1

[Event "DEM U12w 2020"]
[Site "Willingen GER"]
[Date "2020.10.30"]
[Round "6"]
[White "Jacobasch, Ronja"]
[Black "Cerkez, Lorena"]
[Result "1/2-1/2"]
[Termination "normal"]
[Board "10"]
[WhiteElo "1549"]
[BlackElo "1258"]
[WhiteClock "00:10:39"]
[BlackClock "00:00:53"]
[PlyCount "81"]
[WhiteFideId "34604340"]
[BlackFideId "14418614"]
[EventCountry "GER"]
[EventRounds "7"]
[EventType "swiss"]
[EventDate "2020.10.26"]

1. Nf3 {[%clk 1:30:58]} Nf6 {[%clk 1:30:53]} 2. d3 {[%clk 1:31:07]} g6 {[%clk
1:31:17]} 3. g3 {[%clk 1:31:29]} Bg7 {[%clk 1:31:41]} 4. Bg2 {[%clk 1:31:49]}
O-O {[%clk 1:32:06]} 5. O-O {[%clk 1:32:13]} d6 {[%clk 1:32:33]} 6. e4 {[%clk
1:32:29]} c5 {[%clk 1:32:58]} 7. Nbd2 {[%clk 1:32:40]} Nc6 {[%clk 1:33:20]} 8.
Re1 {[%clk 1:21:21]} e5 {[%clk 1:33:42]} 9. Nc4 {[%clk 1:21:03]} b5 {[%clk
1:33:47]} 10. Ne3 {[%clk 1:21:08]} h6 {[%clk 1:29:22]} 11. c3 {[%clk 1:15:48]}
Kh7 {[%clk 1:29:35]} 12. Nc2 {[%clk 1:15:30]} Qe8 {[%clk 0:58:35]} 13. d4
{[%clk 1:08:16]} cxd4 {[%clk 0:50:53]} 14. cxd4 {[%clk 1:07:57]} a6 {[%clk
0:43:17]} 15. dxe5 {[%clk 1:03:35]} dxe5 {[%clk 0:43:35]} 16. Bd2 {[%clk
0:58:43]} Nh5 {[%clk 0:38:11]} 17. Nb4 {[%clk 0:52:13]} Bd7 {[%clk 0:37:11]}
18. Nd5 {[%clk 0:49:12]} Rc8 {[%clk 0:34:23]} 19. Rc1 {[%clk 0:46:18]} Qd8
{[%clk 0:26:45]} 20. Be3 {[%clk 0:43:50]} Rb8 {[%clk 0:25:19]} 21. Rc2 {[%clk
0:38:31]} Nf6 {[%clk 0:17:03]} 22. Bc5 {[%clk 0:35:08]} Re8 {[%clk 0:16:32]}
23. Bd6 {[%clk 0:29:35]} Rb7 {[%clk 0:16:42]} 24. Rd2 {[%clk 0:24:14]} Bg4
{[%clk 0:13:14]} 25. Nxf6+ {[%clk 0:23:26]} Qxf6 {[%clk 0:13:28]} 26. h3 {[%clk
0:21:08]} Bxf3 {[%clk 0:12:35]} 27. Qxf3 {[%clk 0:19:33]} Qxf3 28. Bxf3 {[%clk
0:19:54]} Nd4 {[%clk 0:12:50]} 29. Bg2 {[%clk 0:19:36]} Rd7 {[%clk 0:11:52]}
30. Bb4 {[%clk 0:17:20]} Bf8 {[%clk 0:10:08]} 31. Bc3 {[%clk 0:16:46]} Bc5
{[%clk 0:08:59]} 32. Kf1 {[%clk 0:15:43]} Red8 {[%clk 0:04:35]} 33. Red1 {[%clk
0:15:55]} b4 {[%clk 0:03:38]} 34. Bxd4 {[%clk 0:15:56]} Rxd4 {[%clk 0:03:34]}
35. Rxd4 {[%clk 0:16:02]} Bxd4 {[%clk 0:02:25]} 36. f4 {[%clk 0:14:16]} f6
{[%clk 0:00:54]} 37. b3 {[%clk 0:13:05]} Rc8 {[%clk 0:01:18]} 38. fxe5 {[%clk
0:12:23]} fxe5 {[%clk 0:01:32]} 39. Ke2 {[%clk 0:10:49]} Rc2+ {[%clk 0:00:46]}
40. Rd2 {[%clk 0:11:06]} Rc8 {[%clk 0:00:53]} 41. g4 {[%clk 0:10:39]} 1/2-1/2

[Event "DEM U12w 2020"]
[Site "Willingen GER"]
[Date "2020.10.30"]
[Round "6"]
[White "Marrufo, Emilia"]
[Black "Moldovan, Tatiana"]
[Result "0-1"]
[Termination "normal"]
[Board "19"]
[WhiteElo "788"]
[BlackElo "1516"]
[WhiteClock "01:18:00"]
[BlackClock "01:22:51"]
[PlyCount "80"]
[WhiteFideId "16287363"]
[BlackFideId "16287398"]
[EventCountry "GER"]
[EventRounds "7"]
[EventType "swiss"]
[EventDate "2020.10.26"]

1. e4 {[%clk 1:30:54]} c5 {[%clk 1:28:24]} 2. Nf3 {[%clk 1:30:43]} a6 {[%clk
1:28:20]} 3. c3 {[%clk 1:30:58]} d5 {[%clk 1:28:02]} 4. e5 d4 {[%clk 1:28:06]}
5. Be2 {[%clk 1:29:56]} d3 {[%clk 1:28:08]} 6. Bf1 {[%clk 1:29:50]} c4 {[%clk
1:28:13]} 7. b3 {[%clk 1:29:16]} b5 {[%clk 1:28:28]} 8. a4 {[%clk 1:29:10]} Bb7
{[%clk 1:28:33]} 9. g3 {[%clk 1:28:58]} Nd7 {[%clk 1:28:21]} 10. Bg2 {[%clk
1:29:06]} Nxe5 {[%clk 1:28:23]} 11. Nxe5 {[%clk 1:29:20]} Bxg2 {[%clk 1:28:42]}
12. O-O {[%clk 1:29:36]} Bxf1 {[%clk 1:28:39]} 13. Qxf1 {[%clk 1:29:53]} Qd5
{[%clk 1:28:18]} 14. Ng4 {[%clk 1:29:56]} e6 {[%clk 1:27:06]} 15. Ne3 {[%clk
1:29:56]} Qc6 {[%clk 1:27:24]} 16. Na3 {[%clk 1:28:56]} cxb3 {[%clk 1:27:39]}
17. Qxd3 {[%clk 1:28:51]} bxa4 {[%clk 1:27:17]} 18. Qe2 {[%clk 1:28:05]} Nf6
{[%clk 1:27:00]} 19. d4 {[%clk 1:27:58]} Be7 {[%clk 1:26:22]} 20. Nec4 {[%clk
1:27:23]} O-O {[%clk 1:24:35]} 21. Bf4 {[%clk 1:25:16]} Nd5 {[%clk 1:20:56]}
22. Bd2 {[%clk 1:23:55]} Rab8 {[%clk 1:20:30]} 23. Rb1 {[%clk 1:21:25]} Bxa3
{[%clk 1:20:46]} 24. Nxa3 {[%clk 1:21:45]} Nxc3 {[%clk 1:20:30]} 25. Bxc3
{[%clk 1:21:40]} Qxc3 {[%clk 1:20:50]} 26. Nc4 {[%clk 1:20:37]} Rfc8 {[%clk
1:20:47]} 27. Nd6 {[%clk 1:19:49]} b2 {[%clk 1:20:11]} 28. Nxc8 {[%clk
1:19:18]} Qc1+ {[%clk 1:20:25]} 29. Rxc1 {[%clk 1:19:22]} bxc1=Q+ 30. Kg2 Rxc8
{[%clk 1:20:17]} 31. Qxa6 {[%clk 1:18:48]} a3 {[%clk 1:20:29]} 32. h4 {[%clk
1:18:00]} Qc6+ {[%clk 1:20:52]} 33. Qxc6 {[%clk 1:17:55]} Rxc6 {[%clk 1:21:17]}
34. Kh3 {[%clk 1:17:55]} a2 {[%clk 1:21:25]} 35. Kh2 {[%clk 1:18:05]} a1=Q
{[%clk 1:21:44]} 36. Kg2 {[%clk 1:17:59]} Rc2 {[%clk 1:21:59]} 37. h5 {[%clk
1:18:10]} Qe1 {[%clk 1:22:17]} 38. Kh3 {[%clk 1:18:05]} Rxf2 {[%clk 1:22:32]}
39. d5 {[%clk 1:18:10]} Rf3 {[%clk 1:22:33]} 40. Kg4 {[%clk 1:18:00]} Qxg3#
{[%clk 1:22:51]} 0-1